00471nam a2200109Ia 45000010005000000080041000052450131000463000020001775200098001975460020002956500046003156654260622s9999 xx 000 0 und d 0aExposure 10th/ Union of Arab Photographers bالطريق إلى إكسبوجر/ اتحاد اللمصورين العرب  a155p; c26x35cm aPhotography festival featuring photographers primarily from GCC states, and some from Egypt.  aArabic; English aTR624-835 Technology- Applied Photography